| 000 | 00759nam a2200301Ia 4500 | ||
|---|---|---|---|
| 008 | 160803s9999 xx 000 0 und d | ||
| 020 | _a9780545270496 | ||
| 100 | _aMeadows, Daisy | ||
| 245 | _aAnna the moonbeam fairy / | ||
| 245 | _cby Daisy Meadows. | ||
| 260 | _aNew York : | ||
| 260 | _bScholastic Inc. | ||
| 260 | _c2010 | ||
| 300 | _a61 pages : | ||
| 300 | _billustration, map ; | ||
| 300 | _c20 cm. | ||
| 650 | _aFairies -- | ||
| 650 | _aFriendship -- | ||
| 650 | _aMagic -- | ||
| 650 | _aTate, Kirsty (Fictitious character) -- | ||
| 650 | _aWalker, Rachel (Fictitious character) -- | ||
| 650 | _xFiction. | ||
| 650 | _xFiction. | ||
| 650 | _xFiction. | ||
| 650 | _xFiction. | ||
| 650 | _xFiction. | ||
| 700 | _a760 | ||
| 999 |
_c299914 _d299914 |
||